New frontiers in Asia: A challenge to the west

में बचाया:
ग्रंथसूची विवरण
मुख्य लेखक: Jaffe, Philip
स्वरूप: पुस्तक
भाषा:Undetermined
प्रकाशित: New York Alfred A. Knopf 1945
विषय:
टैग : टैग जोड़ें
कोई टैग नहीं, इस रिकॉर्ड को टैग करने वाले पहले व्यक्ति बनें!
Thư viện lưu trữ: Trung tâm Học liệu Trường Đại học Cần Thơ
LEADER 00527nam a2200205Ia 4500
001 CTU_110944
008 210402s9999 xx 000 0 und d
082 |a 950 
082 |b J23 
100 |a Jaffe, Philip 
245 0 |a New frontiers in Asia: 
245 2 |b A challenge to the west 
245 0 |c Philip Jaffe 
260 |a New York 
260 |b Alfred A. Knopf 
260 |c 1945 
650 |a Reconstruction (1939-1951) 
650 |z Asia 
904 |i Giang 
980 |a Trung tâm Học liệu Trường Đại học Cần Thơ